000 00705cam a22002291 4500
001 sa 67000538
003 DLC
005 20260227112315.0
008 740123r1966 ii ac 000 0 eng
010 _asa 67000538
025 _aPL480:I-E-7006
040 _aDLC
_cDLC
_dDLC
043 _aa-ii---
050 0 0 _aQ141
_b.S55
082 0 0 _a509.22
100 1 _aSingh, Jagjit,
_d1912-2002.
245 1 0 _aSome eminent Indian scientists.
260 _a[Delhi]
_bPublications Division, Ministry of Information and Broadcasting, Govt. of India
_c[1966]
300 _a131 p.
_billus., ports.
_c21 cm.
500 _a"Originally published in the Illustrated weekly."
650 0 _aScientists
_zIndia
_xBiography.
999 _c72033
_d72033